000 00553nam a2200217 a 4500
001 0001-2110
003 ELIB.Books
008 190723 2010 eng
020 _a1591451876
092 _a248.44
_bEgg
100 _aEggerichs, Emerson.
245 _aLove & Respect
260 _aColorado Springs
_bFocus on the Family
_c2004
300 _a324
_c23.5cm
650 _aChristianity
856 _nKBTS Library
_uKBTS Elib
942 _2ddc
_cBK
990 _a1
998 _aEnglishbooks.elf
_ccat
_e2019-07-23
999 _c12110
_d12110